00000000cam 2200000zi 4500
0019.956560
003CaOODSP
00520251208115018
006m     o  d f      
007cr |n|||||||||
008251022e202511  oncbd   ob   f000 0 fre d
020 |a9780660794471
040 |aCaOODSP|bfre|erda|cCaOODSP
043 |an-cn-qu
0861 |aFs70-5/2025-075F-PDF
1001 |aHarvey, Valérie, |eauteur.
24510|aVariation saisonnière de la répartition et de l'utilisation de l'habitat par le béluga (Delphinapterus leucas) de l'estuaire du Saint-Laurent estimée à partir de relevés photographiques et visuels aériens systématiques / |cValérie Harvey, Arnaud Mosnier, Anne P. St-Pierre, Véronique Lesage et Jean-François Gosselin.
264 1|aOttawa : |bSecrétariat canadien de consultation scientifique (SCCS), |cnovembre 2025.
264 4|c©2025
300 |a1 ressource en ligne (iv, 83 pages) : |bcartes, graphiques.
336 |atexte|btxt|2rdacontent/fre
337 |ainformatique|bc|2rdamedia/fre
338 |aressource en ligne|bcr|2rdacarrier/fre
4901 |aDocument de recherche, |x2292-4272 ; |v2025/075
500 |aPublié aussi en anglais sous le titre : Seasonal variation in distribution and habitat use of St. Lawrence estuary beluga (delphinapterus leucas) estimated from systematic photographic and visual line-transect aerial surveys.
504 |aComprend des références bibliographiques.
650 6|aBéluga|zQuébec (Province)|zSaint-Laurent, Estuaire du.
650 6|aBaleines|xPopulations|zQuébec (Province)|zSaint-Laurent, Estuaire du.
7101 |aCanada. |bMinistère des pêches et des océans. |bRégion du Québec, |eorganisme de publication.
7102 |aSecrétariat canadien de consultation scientifique, |eorganisme de publication.
77508|tSeasonal variation in distribution and habitat use of St. Lawrence estuary beluga (delphinapterus leucas) estimated from systematic photographic and visual line-transect aerial surveys / |w(CaOODSP)9.956558
830#0|aDocument de recherche (Secrétariat canadien de consultation scientifique)|v2025/075.|w(CaOODSP)9.503788
85640|qPDF|s9.98 Mo|uhttps://publications.gc.ca/collections/collection_2025/mpo-dfo/fs70-5/Fs70-5-2025-075-fra.pdf